| 000 | 01039njm a2200289Ia 4500 | ||
|---|---|---|---|
| 001 | 26087 | ||
| 003 | IT-RoPAU | ||
| 005 | 20220918181111.0 | ||
| 008 | 131025s9999 xx 000 0 und d | ||
| 040 | _aIT-RoPAU | ||
| 040 | _cIT-RoPAU | ||
| 999 |
_c98990 _d98990 |
||
| 999 | _bNO | ||
| 100 |
_aMontori Sergio _915575 |
||
| 100 |
_eAutore musica _915576 |
||
| 100 |
_gCodice autore musica SPICS: 1174 _915577 |
||
| 245 | _aFiori e spade | ||
| 250 | _a1a ed. | ||
| 260 | _aROMA | ||
| 260 |
_bSPICS RECORDS _c1985 [1a Ed.:1980 - Ed. Lingua Orig.: 1980] |
||
| 300 | _aMUSICASSETTA | ||
| 300 | _c39 minuti (Testo: pag.) | ||
| 500 | _a*Musica strumentale | ||
| 505 | _aFesta al villaggio - Sotto il balcone - Cavalieri e scudieri - Intrecci d'amore - Paggi e donzelle - Lontananza struggente - Fiori e spade - Messaggio all'amata - Ballata - Il giullare - Notte di luna - Sguardi e sorrisi | ||
| 650 |
_aSTRUMENTALE [CASSETTE] _eCodice MATERIA SPICS: 9951 _91218 |
||
| 700 |
_aChiti Gianpaolo _eAutore _gCodice autore SPICS: 1176 _915578 |
||
| 942 |
_cMC _2ddc |
||